| 000 | 00820nam a2200265 i 4500 | ||
|---|---|---|---|
| 001 | bg | ||
| 100 | 1 | _aTOMCZYK, Jerzy | |
| 245 | 1 | 0 |
_aPodstawy napędów : _btransmisja mocy : zbiór zadań z podstawami obliczeń / _cJerzy Tomczyk. |
| 260 |
_aŁódź : _bWydaw. PŁ, _c2005. |
||
| 300 |
_a199 s. : _brys., wykr. ; _c24 cm. |
||
| 490 | 1 | _aPodręczniki Akademickie / Politechnika Łódzka | |
| 500 | _aNa grzb. kolejny nr wydawnictw PŁ: 1091. | ||
| 504 | _aBibliogr. s. 199. | ||
| 650 | 9 | _aNapęd | |
| 655 | _aPodręczniki akademickie | ||
| 830 | 0 | _aPodręczniki Akademickie (Politechnika Łódzka) | |
| 015 | _aPB 12420/2005 | ||
| 020 | _a8372831319 | ||
| 040 | _cBPK | ||
| 041 | 0 | _apol | |
| 080 | _a62-83(075.8) | ||
| 920 | _a83-7283-131-9 | ||
| 942 | _cKS | ||
| 008 | s pl f |000 0 pol | ||
| 999 |
_c51536 _d51536 |
||
| 856 |
_uhttp://koha.tu.koszalin.pl/cgi-bin/koha/opac-detail.pl?biblionumber=51536 _yKatalog online BPK |
||